| 000 | 01346nam a2200325Ia 4500 | ||
|---|---|---|---|
| 001 | ebr10595416 | ||
| 003 | CaPaEBR | ||
| 006 | m u | ||
| 007 | cr cn||||||||| | ||
| 008 | 120902s2007 caub sb 001 0 eng d | ||
| 020 | _z9780520253933 | ||
| 020 | _z9780520934399 | ||
| 040 |
_aCaPaEBR _cCaPaEBR |
||
| 035 | _a(OCoLC)811411285 | ||
| 050 | 1 | 4 |
_aPA3872 _b.A7413 2007eb |
| 100 | 0 |
_aApollonius, _cRhodius. |
|
| 245 | 1 | 4 |
_aThe Argonautika _h[electronic resource] / _cby Apollonios Rhodios ; translated, with an introduction, commentary and glossary by Peter Green. |
| 250 | _aExpanded ed. | ||
| 260 |
_aBerkeley : _bUniversity of California Press, _cc2007. |
||
| 300 |
_axiv, 474 p. : _bmaps. |
||
| 490 | 0 |
_aHellenistic culture and society ; _v25 |
|
| 504 | _aIncludes bibliographical references and index. | ||
| 533 |
_aElectronic reproduction. _bPalo Alto, Calif. : _cebrary, _d2011. _nAvailable via World Wide Web. _nAccess may be limited to ebrary affiliated libraries. |
||
| 650 | 0 |
_aEpic poetry, Greek _vTranslations into English. |
|
| 650 | 0 |
_aArgonauts (Greek mythology) _vPoetry. |
|
| 655 | 7 |
_aElectronic books. _2local |
|
| 700 | 1 |
_aGreen, Peter, _d1924- |
|
| 710 | 2 | _aebrary, Inc. | |
| 856 | 4 | 0 |
_uhttp://site.ebrary.com/lib/rucke/Doc?id=10595416 _zAn electronic book accessible through the World Wide Web; click to view |
| 999 |
_c219069 _d219069 |
||